Introducción al cálculo con geometría analítica (Registro nro. 132)

Detalles MARC
000 -ENCABEZADO
Número de control [NR] 00727nam a2200205Ia 4500
008 - DE LONGITUD FIJA DE DATOS DE ELEMENTOS - INFORMACIÓN GENERAL
Elementos de longitud fija [NR] 130821s1987 mx gr spa
020 ## - NUMERO INTERNACIONAL NORMALIZADO PARA LIBROS [R]
Número Internacional Normalizado del libro [NR] 9687270276
040 ## - FUENTE DE CATALOGACION [NR]
Agencia de catalogación original [NR] Co-BoUCM
Idioma de catalogación [NR] spa
041 ## - CODIGO DE IDIOMA [R]
Código de idioma para texto/pista de sonido o título separado [R] Español
100 ## - ASIENTO PRINCIPAL--NOMBRE PERSONAL [NR]
Nombre personal [NR] Swokowski, Earl W.
ID Autoridad 136890
245 ## - MENCION DE TITULO [NR]
Título [NR] Introducción al cálculo con geometría analítica
Mención de responsabilidad, etc. [NR] Swokowski, Earl W; Traducido por José Luis Abreu y Helga Fetter
260 ## - PUBLICACION, DISTRIBUCION, ETC. (PIE DE IMPRENTA) [R]
Lugar de publicación, distribución, etc. [R] México D.F. (México)
Nombre del editor, distribuidor, etc. [R] Iberoaméricana
Fecha de publicación, distribución, etc. [R] 1987
300 ## - DESCRIPCION FISICA [R]
Extensión [R] vii, 502 páginas
650 04 - ASIENTO SECUNDARIO DE MATERIA - TERMINO TEMATICO [R]
Término temático o nombre geográfico como elemento de entrada [NR] Cálculo
9 (RLIN) 10288
650 04 - ASIENTO SECUNDARIO DE MATERIA - TERMINO TEMATICO [R]
Término temático o nombre geográfico como elemento de entrada [NR] Geometría analítica
9 (RLIN) 16371
700 ## - ASIENTO SECUNDARIO - NOMBRE PERSONAL [R]
Nombre personal [NR] Abreu, José Luis., Trad.
9 (RLIN) 154735
700 ## - ASIENTO SECUNDARIO - NOMBRE PERSONAL [R]
Nombre personal [NR] Fetter, Helga., Trad.
9 (RLIN) 154736
942 ## - ELEMENTOS DE ENTRADA AGREGADOS (KOHA)
Tipo de ítem principal el descrito en 300a Libro
Tema principal Ciencias puras
Edición 1
Parte restante de la signatura top. S96I
Sistema de clasificación DEWEY
Clasificación 515.15
Existencias
Fecha de último préstamo Total préstamos Total Renewals Signatura topográfica Código de barras Última vez visto Ejemplar Price effective from Tipo de ítem Nota pública (OPAC) Perdido Sistema de clasificación Dañado No prestable Tipo de ítem específico Suprimido Ubicación habitual Ubicación actual Localización Fecha de creación Forma de adquisición Costo
05/02/2024 80 5 515.15 S96I 100030862 04/12/2025 Ej.1 03/02/2013 Libro Fundamentos Matemáticos   DEWEY     Libro   Claustro Claustro 4to piso 28/02/2003 Compra 13500.00